|
|
|
|
| LEADER |
00000cam a2200000 7i4500 |
| 001 |
0000009183 |
| 005 |
20230406093000.0 |
| 008 |
021119s1977 |
| 090 |
0 |
0 |
|a BP130.1
|b .K4
|
| 100 |
1 |
|
|a اسكافي، محمد بن عبد الله ,
|e author
|
| 245 |
1 |
2 |
|a درة التنزيل وغرة التأويل فى بيان الايات المتشابهات في كتاب الله العزيز
|c لابي عبد الله محمد ابن عبد الله الخطيب الاسكافي ; رواية ابراهيم بن علي ابن محمد المعروف بابن ابي الفرج الاردستاني
|
| 260 |
2 |
|
|a Bayrut :
|b Dar al-Afaq al-Jadidah ,
|c 1977
|
| 300 |
|
|
|a 543 p. ;
|c 25 cm.
|
| 640 |
0 |
0 |
|a Qur'an
|x Criticism, interpretation, etc.
|v Dictionaries
|x Arabic
|v Early works to 1800
|
| 640 |
0 |
0 |
|a Qur'an
|x Hermeneutics
|v Early works to 1800
|
| 700 |
1 |
|
|a ابن ابي الفرج الاردستاني، ابراهيم بن علي ,
|e author
|
| 999 |
|
|
|a 1000018477
|b Book
|c OPEN SHELF (30 DAYS)
|e Gong Badak Campus
|